000 00538nam a2200193Ia 4500
005 20230916092820.0
008 131103s9999 xx 000 0 und d
040 _aLoreto College
041 _aEnglish
082 _a919.9
_bCHE
100 _aCherry - Garrards,Apsley
245 4 _aThe worst journey in the world
_b Antarctic
_cApsley Cherry - Garrad
260 _aLondon
_bChatto & Windus
_c1937
300 _aIxiv,585 p.
_b ill.,maps
504 _aIncludes index
650 _aAntartic - Geography
850 _aLCLIB
942 _cBK
999 _c3724
_d54203